U.S. States by Capital Quiz - Statistics

General Stats
  • This quiz has been taken 62 times
  • The average score is 39 of 50
Answers on the Map
Answers color-coded by a green-red scale on the quiz's map according to % correct below.
 
Answer Stats
Abbv State % Correct
Sacramento California
94%
Austin Texas
92%
Phoenix Arizona
92%
Salt Lake City Utah
92%
Boise Idaho
90%
Denver Colorado
88%
Atlanta Georgia
86%
Albany New York
84%
Boston Massachusetts
84%
Honolulu Hawaii
84%
Montgomery Alabama
84%
Nashville Tennessee
84%
Oklahoma CIty Oklahoma
84%
Richmond Virginia
84%
Columbia South Carolina
82%
Columbus Ohio
82%
Dover Delaware
82%
Indianapolis Indiana
82%
Jackson Mississippi
82%
Little Rock Arkansas
82%
Providence Rhode Island
82%
Juneau Alaska
80%
Raleigh North Carolina
80%
Springfield Illinois
80%
Baton Rouge Louisiana
78%
Cheyenne Wyoming
78%
Pierre South Dakota
78%
Salem Oregon
78%
Santa Fe New Mexico
78%
Tallahassee Florida
78%
Bismarck North Dakota
76%
Carson City Nevada
76%
Hartford Connecticut
76%
Annapolis Maryland
73%
Des Moines Iowa
73%
Harrisburg Pennsylvania
73%
Lansing Michigan
73%
Lincoln Nebraska
73%
Topeka Kansas
73%
Frankfort Kentucky
71%
Helena Montana
71%
Olympia Washington
71%
St. Paul Minnesota
71%
Augusta Maine
67%
Charleston West Virginia
67%
Jefferson City Missouri
67%
Madison Wisconsin
67%
Montpelier Vermont
67%
Trenton New Jersey
67%
Concord New Hampshire
63%
No matching quizzes found
Score Distribution
Percent of People with Each Score
Percentile by Number Answered
Your Score History
You have not taken this quiz